| 000 | 00591nam a2200205Ia 4500 | ||
|---|---|---|---|
| 005 | 20250507130233.0 | ||
| 008 | 008 250505s9999 xx 000 0 eng d | ||
| 037 | _aSeries Article | ||
| 040 |
_aEASL _beng _cEASL |
||
| 041 |
_aeng _2eng |
||
| 084 | _qEASL | ||
| 100 |
_aXu Bin _9668886 |
||
| 245 | 0 | _aDynamic statism and memory politics: a case analysis of the chinese war representations movement | |
| 260 |
_aUK _bUK Cambridge Univesity Press UK _c2010 |
||
| 300 | _a156-175 | ||
| 650 | _aChina | ||
| 700 | _aPu Xiaoyu | ||
| 942 | _cSRA | ||
| 999 |
_c1318491 _d1318491 |
||